Методические материалы по программному обеспечению ЭВМ. Вып.5: Алгоритмический язык. Автокод для ЭВМ М-222 (Запись № 3476019)

Подробности
000 -МАРКЕР
контрольное поле 01494nam2a22002531 4500
001 - ИДЕНТИФИКАТОР ЗАПИСИ
контрольное поле RU\NLR\INFOCOMM6\1000425782
005 - ИДЕНТИФИКАТОР ВЕРСИИ
контрольное поле 20250617123355.0
035 ## - ДРУГИЕ СИСТЕМНЫЕ НОМЕРА
Идентификатор записи (NLR Aleph) 002604714
100 ## - ДАННЫЕ ОБЩЕЙ ОБРАБОТКИ
Данные общей обработки 20040423d1972 |||y0rusy50 ca
101 0# - ЯЗЫК РЕСУРСА
Язык текста, звукозаписи и т.д. русский
102 ## - СТРАНА ПУБЛИКАЦИИ ИЛИ ПРОИЗВОДСТВА
Страна публикации Российская Федерация
105 ## - ПОЛЕ КОДИРОВАННЫХ ДАННЫХ: ТЕКСТОВЫЕ МАТЕРИАЛЫ, МОНОГРАФИЧЕСКИЕ
Кодированные данные о монографическом текстовом документе y |||||||||
200 1# - ЗАГЛАВИЕ И СВЕДЕНИЯ ОБ ОТВЕТСТВЕННОСТИ
Основное заглавие Алгоритмический язык. Автокод для ЭВМ М-222
Первые сведения об ответственности А.Н. Балуев
210 ## - ПУБЛИКАЦИЯ, РАСПРОСТРАНЕНИЕ И ДР.
Дата издания, распространения и т.д. 1972
Место издания, распространения и т.д. Б. м.
461 #0 - УРОВЕНЬ НАБОРА
Встроенное поле 001RU\NLR\INFOCOMM6\1000425777
-- 2001#$aМетодические материалы по программному обеспечению ЭВМ$hСерия 3$iРуководства по трансляторам$fЛенингр. ордена Ленина и ордена Труда Красного Знамени гос. ун-т им. А.А.Жданова. Вычислит. центр$vВып.5
Системный номер (АБИС) связанной записи 3475976
Место публикации Л.
Дата публикации 1971-
Первые сведения об ответственности Ленингр. ордена Ленина и ордена Труда Красного Знамени гос. ун-т им. А.А.Жданова. Вычислит. центр
Номер части Серия 3
Заглавие части Руководства по трансляторам
Имя издателя, распространителя и т.д. Изд-во Ленингр. ун-та
Заглавие Методические материалы по программному обеспечению ЭВМ
Номер тома Вып.5
700 #1 - ИМЯ ЛИЦА - ПЕРВИЧНАЯ ОТВЕТСТВЕННОСТЬ
Начальный элемент ввода Балуев
Часть имени, кроме начального элемента ввода А.Н.
Код отношения Автор
801 #1 - ИСТОЧНИК ЗАПИСИ
Страна Российская Федерация
Организация InfoComm
Дата составления 20040423
801 #0 - ИСТОЧНИК ЗАПИСИ
Страна Российская Федерация
Организация NLR
Правила каталогизации PSBO
852 ## - МЕСТОНАХОЖДЕНИЕ И ШИФР ХРАНЕНИЯ
Идентификатор организации NLR
Шифр хранения (Call Number) П10/4062
942 ## - ДОПОЛНИТЕЛЬНЫЕ ЭЛЕМЕНТЫ ЗАПИСИ (АБИС)
Тип экземпляра АБИС Выпуск
980 ## - КОЛЛЕКЦИЯ
Название коллекции Национальная библиография
980 ## - КОЛЛЕКЦИЯ
Название коллекции Русская периодика

Нет доступных экземпляров.